La oración de la familia / (Record no. 138547)

MARC details
000 -LEADER
campo de control de longitud fija 00712nam a2200193 i 4500
001 - NÚMERO DE CONTROL
campo de control 138547
003 - IDENTIFICADOR DE NÚMERO DE CONTROL
campo de control ES-MaACL
005 - FECHA Y HORA DE LA ÚLTIMA TRANSACCIÓN
campo de control 20230906195603.0
007 - CAMPO FIJO DE DESCRIPCIÓN FÍSICA--INFORMACIÓN GENERAL
campo de control de longitud fija t|
008 - DATOS DE LONGITUD FIJA--INFORMACIÓN GENERAL
campo de control de longitud fija 070214s1968 sp r ||||1| spa d
100 1# - ENTRADA PRINCIPAL--NOMBRE DE PERSONA
Nombre de persona Sansegundo, León E.
9 (RLIN) 103217
245 13 - MENCIÓN DEL TÍTULO
Título La oración de la familia /
Mención de responsabilidad, etc. León E. Sansegundo Valls... ; prólogo... por el P. Don Gabriel Mª Brasó Tulla.
260 ## - PUBLICACIÓN, DISTRIBUCIÓN, ETC.
Lugar de publicación, distribución, etc. Madrid :
Nombre del editor, distribuidor, etc. Propaganda Popular Católica,
Fecha de publicación, distribución, etc. 1968.
300 ## - DESCRIPCIÓN FÍSICA
Extensión 511 p. ;
Dimensiones 20 cm.
500 ## - NOTA GENERAL
Nota general Precede al tít.: Plegarias bíblico-litúrgicas para hogares, comunidades y grupos apostólicos.
650 04 - PUNTO DE ACCESO ADICIONAL DE MATERIA--TÉRMINO DE MATERIA
Término de materia o nombre geográfico como elemento de entrada Oraciones.
9 (RLIN) 15730
700 1# - ENTRADA AGREGADA--NOMBRE PERSONAL
Nombre de persona Brasó Tulla, Gabriel María.
9 (RLIN) 31389
852 ## - LOCALIZACIÓN
Ubicación ES-MaACL
Número de control de estantería C-50483
Sublocalización o colección R.68428
Holdings
Estatus retirado Estado de pérdida Estado de daño No para préstamo Biblioteca de origen Biblioteca actual Ubicación en estantería Fecha de adquisición Fuente de adquisición Total de préstamos Signatura topográfica completa Código de barras Visto por última vez Precio de reemplazo Tipo de ítem Koha
        Biblioteca del Ateneo de Madrid Biblioteca del Ateneo de Madrid Depósito 2 17/01/2008     C-50483 1144167 23/02/2023 23/02/2023 Libro impreso